| 000 | 01531cam a2200349 a 4500 | ||
|---|---|---|---|
| 999 |
_c23750 _d23750 |
||
| 001 | 2506327 | ||
| 005 | 20170127095429.0 | ||
| 008 | 921202s1993 nyu j b 001 0 eng | ||
| 010 | _a 92043581 | ||
| 020 | _a0027828859 | ||
| 050 | 0 | 0 | _aHV904 .S58 1993 |
| 100 | 1 | _aSirof, Harriet. | |
| 245 | 1 | 4 |
_aThe road back : _bliving with a physical disability / _cby Harriet Sirof. |
| 250 | _a1st ed. | ||
| 260 |
_aNew York : _bNew Discovery Books ; _aToronto : _bMaxwell Macmillan Canada ; _aNew York : _bMaxwell Macmillan International, _cc1993. |
||
| 300 |
_a160 p. ; _c24 cm. |
||
| 490 | 1 | _aAn Open door book | |
| 504 | _aIncludes bibliographical references and index. | ||
| 520 | _aExamines the various ways in which young people cope with sudden physical disabilities and learn to live again after serious injuries or illnesses. | ||
| 650 | 0 |
_aYouth with disabilities _zUnited States _xPsychology _vJuvenile literature. |
|
| 650 | 0 |
_aYouth with disabilities _zUnited States _vJuvenile literature. |
|
| 650 | 1 | _aPeople with disabilities. | |
| 830 | 0 | _aOpen door book (New York, N.Y.) | |
| 942 |
_2lcc _cBOOKS |
||